Wilhelm Finnemann : (Record no. 6461)

MARC details
000 -LEADER
fixed length control field 00660nam a22001937a 4500
003 - CONTROL NUMBER IDENTIFIER
control field OSt
005 - DATE AND TIME OF LATEST TRANSACTION
control field 20251127124904.0
008 - FIXED-LENGTH DATA ELEMENTS--GENERAL INFORMATION
fixed length control field 251127b |||||||| |||| 00| 0 eng d
020 ## - INTERNATIONAL STANDARD BOOK NUMBER
International Standard Book Number 978-971-510-3190
040 ## - CATALOGING SOURCE
Original cataloging agency DWCL - Main
Transcribing agency OC
082 ## - DEWEY DECIMAL CLASSIFICATION NUMBER
Classification number Fil. 922 L426w 2023
100 ## - MAIN ENTRY--PERSONAL NAME
Personal name Layugan, Michael G., SVD
245 ## - TITLE STATEMENT
Title Wilhelm Finnemann :
Remainder of title an SVD Filipino martyr /
Statement of responsibility, etc. Michael G. Layugan, SVD
260 ## - PUBLICATION, DISTRIBUTION, ETC.
Place of publication, distribution, etc. Manila, Philippines:
Name of publisher, distributor, etc. Logos Publishing Inc.,
Date of publication, distribution, etc. c2023.
300 ## - PHYSICAL DESCRIPTION
Extent 645 pages:
Other physical details illustration;
Dimensions 22cm.
650 ## - SUBJECT ADDED ENTRY--TOPICAL TERM
Topical term or geographic name entry element 1. Wilhelm Finnemann - Biography.
650 ## - SUBJECT ADDED ENTRY--TOPICAL TERM
Topical term or geographic name entry element 2. Wilhelm Finnemann - Lite Histories - Missionary.
942 ## - ADDED ENTRY ELEMENTS (KOHA)
Source of classification or shelving scheme Dewey Decimal Classification
Koha item type Book-Filipiniana
Call number prefix Fil.
Suppress in OPAC No
952 ## - LOCATION AND ITEM INFORMATION (KOHA)
--
952 ## - LOCATION AND ITEM INFORMATION (KOHA)
--
952 ## - LOCATION AND ITEM INFORMATION (KOHA)
--
Holdings
Withdrawn status Lost status Source of classification or shelving scheme Damaged status Not for loan Home library Current library Shelving location Date acquired Source of acquisition Total Checkouts Full call number Barcode Date last seen Copy number Price effective from Koha item type Uniform Resource Identifier
    Dewey Decimal Classification     Junior High School Library Junior High School Library Filipiniana 03/09/2023 Library Fund   Fil. 922 L426w 2023 JHS - 21080 11/27/2025 c3 11/27/2025 BK - FIL
    Dewey Decimal Classification     Junior High School Library Junior High School Library Filipiniana 03/09/2023 Library Fund   Fil. 922 L426w 2023 JHS - 21079 11/27/2025 c2 11/27/2025 BK - FIL
    Dewey Decimal Classification     Junior High School Library Junior High School Library Filipiniana 03/09/2023 Library Fund   Fil. 922 L426w 2023 JHS - 21078 11/27/2025 c1 11/27/2025 BK - FIL